LEADER 01367nam 2200373Ia 450 001 996397371303316 005 20200824132234.0 035 $a(CKB)4940000000059601 035 $a(EEBO)2240941214 035 $a(OCoLC)ocm15666581e 035 $a(OCoLC)15666581 035 $a(EXLCZ)994940000000059601 100 $a19870511d1645 uy | 101 0 $aeng 135 $aurbn||||a|bb| 200 14$aThe second sermon, preached to the honourable House of Commons, April 30, 1645$b[electronic resource] $ediscovering the vanity and mischief of the thoughts of an heart unwashed /$fby Cor. Burges .. 210 $aLondon $cPrinted by J.R. for Christoph. Meredith, and are to be sold at his shop ...$d1645 215 $a[2], 53 p 300 $aRunning title: The vanity and mischief of the thoughts. 300 $aErrata: p. 53. 300 $aReproduction of original in the Union Theological Seminary Library. 330 $aeebo-0160 606 $aRepentance$vSermons 606 $aSermons, English$y17th century 615 0$aRepentance 615 0$aSermons, English 700 $aBurges$b Cornelius$f1589?-1665.$01002137 801 0$bEAK 801 1$bEAK 801 2$bWaOLN 906 $aBOOK 912 $a996397371303316 996 $aThe second sermon, preached to the Honourable House of Commons, April 30. 1645$92354663 997 $aUNISA LEADER 01273nam0 22002891i 450 001 UON00096416 005 20231205102535.177 100 $a20020107d1986 |0itac50 ba 101 $aita 102 $aIT 105 $a|||| 1|||| 200 1 $aCasa, citta' e campagna nel tardo antico e nell'alto medioevo$escritti di Michelangelo Cagiano de Azevedo$fa cura di C. D. Fonseca, D. Adamesteanu, F. D'Andria 210 $aGalatina$cCongedo$d1986 215 $a408 p., tav.$cill.$d24 cm 410 1$1001UON00087432$12001 $aArcheologia e storia$1210 $aGalatina$cCongedo$d[19..]$v1 620 $aIT$dGalatina (Lecce)$3UONL001242 700 1$aCAGIANO DE AZEVEDO$bMichelangelo$3UONV049056$0155769 702 1$aAdamesteanu$bDinu$3UONV056407 702 1$aD'ANDRIA$bFrancesco$3UONV057539 702 1$aFonseca$bCosimo Damiano$3UONV021721 712 $aCongedo$3UONV259359$4650 801 $aIT$bSOL$c20250509$gRICA 899 $aSIBA - SISTEMA BIBLIOTECARIO DI ATENEO$2UONSI 912 $aUON00096416 950 $aSIBA - SISTEMA BIBLIOTECARIO DI ATENEO$dSI X 1 CAGIANO DE AZEVEDO $eSI MC 10161 5 996 $aCasa, città e campagna nel tardo antico e nell'alto Medioevo$9201360 997 $aUNIOR LEADER 01470nam0 22003731i 450 001 UON00160007 005 20231205103003.388 010 $a08-566-8287-X 100 $a20020521d1987 |0itac50 ba 101 $aeng 102 $aGB 105 $a|||| ||||| 200 1 $aBirds$f[Aristophanes]$gedited with translation and notes by Alan H. Sommerstein 210 $aWarminster$cAris & Phillips$d1987 215 $a311 p.$d22 cm 312 $ain greco e in inglese$9UON00370125 312 $ain greco e in inglese$9UON00370126 410 1$1001UON00160289$12001 $aˆThe ‰comedies of Aristophanes$v6 510 0$3UON00370125$aOrnithes 510 0$3UON00370126$aAves 606 $aCOMMEDIA GRECA$3UONC033510$2FI 606 $aLETTERATURA GRECA$xTraduzioni inglesi$3UONC028624$2FI 620 $dWarminster$3UONL000499 676 $a882$cLetteratura drammatica greca classica$v21 700 0$aAristophanes$3UONV056467$0602827 702 1$aSOMMERSTEIN$bAlan H.$3UONV057664 712 $aAris & Phillips$3UONV256733$4650 790 0$aARISTOFANE$zAristophanes$3UONV056470 801 $aIT$bSOL$c20260313$gRICA 899 $aSIBA - SISTEMA BIBLIOTECARIO DI ATENEO E ARCHIVIO STORICO$2UONSI 912 $aUON00160007 950 $aSIBA - SISTEMA BIBLIOTECARIO DI ATENEO E ARCHIVIO STORICO$dSI T 1 ARISTOPH 0952 06 $eSI MC 26029 5 06 996 $aBirds$94549618 997 $aUNIOR